[Event "Schwaben-ch"]
[Site "Sonthofen"]
[Date "2013.11.01"]
[Round "2.13"]
[White "Leitke, Juergen"]
[Black "Zeberle, Christian"]
[Result "1-0"]
[WhiteElo "1176"]
[BlackElo "1020"]
[PlyCount "41"]
[EventDate "2013.11.01"]
[EventType "swiss"]
[EventRounds "6"]
[EventCountry "GER"]
[SourceTitle "EXT 2022"]
[Source "ChessBase"]
[SourceDate "2021.10.06"]
[SourceVersion "1"]
[SourceVersionDate "2021.10.06"]
[SourceQuality "1"]

1. e4 e5 2. f4 exf4 3. Nf3 d6 4. d4 Nf6 5. Nc3 Bg4 6. Bxf4 Bxf3 7. Qxf3 Nc6 8. 0-0-0 g6 9. Bb5 a6 10. Bxc6+ bxc6 11. e5 Nd5 12. Nxd5 cxd5 13. Qxd5 dxe5 14. Qxe5+ Qe7 15. Qxh8 f6 16. Rhe1 0-0-0 17. Rxe7 Bxe7 18. Qxh7 Rd7 19. Qxg6 Rd5 20. Qe8+ Bd8 21. Qf7 1-0